1562 1410 1112 1407 1784 1616 1737 1479 1881 1653 1820 1973 1558 1969 1476 1577 1113 1352 1802 1290 1301 1652 1799 1625 1893 1757 1543 1831 1806 1743 1334 1320 1305 1674 1431 1693 1870 1770 1475 1348 1672 1079 1834 1315 1709 1922 1377 1490 1914 1790 1127 1075 1826 1667 1239 1668 1119 1125 1658 1593 1499 1408 1756 1559 1062 1013 1831 1187 1933 1958 1869 1083 1373 1942 1650 1398 1048 1024 1705 1474 1932 1957 1576 1419 1999 1681 1002 1856 1973 1408 1331 1771 1612 1184 1378 1083 1145 1072 1184 BCNSPRNW ULIB Ver.6.0+V

เปลี่ยนเป็นภาษาไทย

Change to English
 แสดงรายละเอียดบรรณานุกรม
  กลับหน้าหลัก

Brief Record : Get Marc (ISO 2709) : E-mail record : QR code < ปิดหน้าต่าง
LEADER : 00000nac a2200000Ia 4500
001    13399114565
003     ULIB
008    990312s2555 th a 000 0 tha d
020    9786162830006
050  4 ^aDS586^bก169พ
110 2  ^aกรมศิลปากรม, สำนักจดหมายเหตุแห่งชาติ
245 10 ^aพระบาทสมเด็จพระเจ้าอยู่หัวกับการศึกษา /^cกรมศิลปากรม, สำนักจดหมายเหตุแห่งชาติ
260    ^aกรุงเทพฯ :^bอมรินทร์พริ้นติ้งแอนด์พับลิชชิ่ง,^c2555
300    ^a200 หน้า :^bภาพประกอบ ;^c27 ซม.
600 07 ^aภูมิพลอดุลยเดช,^cพระบาทสมเด็จพระปรมินทรมหา,^d2470- ^xพระราชกรณียกิจ
650  4 ^aการศึกษา^zไทย
945    ^p0^l0^i031647
995    ^a เกษร
999 ^a ใช้งานได้ทุกระบบ
รายการนี้ยังไม่มีแท็ก
คุณยังไม่ได้ล็อกอิน คุณสามารถมีกิจกรรมร่วมกับเว็บไซต์ได้ แต่ต้องล็อกอินก่อน ::
  ล็อกอิน

รายการสื่อสารสนเทศ

ลำดับที่ ประเภท เลขเรียก/บาร์โค้ด สถานที่ สถานะ
- ไม่พบข้อมูล -

BibComment


ยังไม่เคยถูกคอมเมนท์

คอมเมนท์ทรัพยากรรายการนี้
  คอมเมนท์: พระบาทสมเด็จพระเ..


 Copyright 2026. Bcnsprnw @Library